Normal view
MARC view
- Psicometría
Entry Materia
Number of records used in: 138
001 - NÚMERO DE CONTROL DEL REGISTRO
- campo de control: 9969
003 - IDENTIFICADOR DE NUMERO DE CONTROL
- campo de control: MX-MxUPN
005 - FECHA Y HORA DE LA ÚLTIMA TRANSACCIÓN
- campo de control: 20241003091324.0
008 - DATOS DE LONGITUD FIJA
- campo de control de longitud fija: 241003n| acnnnbabn a ana |d
035 ## - NÚMERO DE CONTROL DEL SISTEMA
- Número de control del sistema: UPN10000009976
040 ## - FUENTE DE LA CATALOGACIÓN
- Centro catalogador de origen: MX-MxUPN
- Lengua de catalogación: spa
- Agencia de transcripción: MX-MxUPN
046 ## - FECHAS CON CODIFICACIÓN ESPECIAL
- Fecha final para contenidos agregados: 2023
150 ## - ENCABEZAMIENTO - TEMÁTICO
- Término de materia o nombre geográfico como elemento inicial: Psicometría
450 ## - VÉASE - MATERIA
- Encabezamiento temático: Psicología -
- Subdivisión temática general: Medición
670 ## - FUENTE EN LA QUE SE LOCALIZARON DATOS
- Cita de la fuente: E
902 ## - CATALOGADOR
- Catalogador: CAA/141096
